| 000 | 01063nas a2200373 4500 | ||
|---|---|---|---|
| 001 | BR0805543 | ||
| 003 | BR-BrBNA | ||
| 005 | 20231205112014.0 | ||
| 007 | ta | ||
| 008 | 230509b bl.|||p| |||| 00| 00por d | ||
| 040 |
_aBR-BrBNA _bpor _cBiblioteca Nacional de Agricultura |
||
| 041 | _a(Pt) | ||
| 072 | _aF01; E71 | ||
| 100 | 1 | _aNascimento, W.M. | |
| 100 | 1 | _aDias, D.C.F. dos S. | |
| 100 | 1 | _aFreitas, R.A. de | |
| 245 | 1 | _aInforme Agropecuário-Empresa de Pesquisa Agropecuária | |
| 650 | _aPRODUÇÃO VEGETAL | ||
| 650 | _aVARIEDADE | ||
| 650 | _aPIMENTA | ||
| 650 | _aCAPSICUM SSP | ||
| 650 | _aSEMENTE | ||
| 650 | _aGERMINAÇÃO | ||
| 650 | _aMUDA | ||
| 650 | _aCOLHEITA | ||
| 650 | _aSECAGEM | ||
| 650 | _aEMBALAGEM | ||
| 650 | _aARMAZENAMENTO | ||
| 650 | _aRENDIMENTO | ||
| 650 | _aMERCADO | ||
| 773 | 0 |
_tInforme Agropecuário - Empresa de Pesquisa Agropecuária de Minas Gerais (Brazil) _xISSN 0100-3364 _g(Nov-Dec 2006), v. 27(235) p. 30-39 _wBR0805543 |
|
| 909 |
_a202311 _bLúcia _c55 _dLúcia Elande |
||
| 942 |
_2AGRIS _n0 _cANA |
||
| 999 |
_c195588 _d195588 |
||